Michel Foucault : the will to truth

Αποθηκεύτηκε σε:
Λεπτομέρειες βιβλιογραφικής εγγραφής
Κύριος συγγραφέας: Sheridan, Alan
Μορφή: Βιβλίο
Γλώσσα:English
Δημοσίευση: London : New York : Tavistock, 1980
Θέματα:
Ετικέτες: Προσθήκη ετικέτας
Δεν υπάρχουν, Καταχωρήστε ετικέτα πρώτοι!

MARC

LEADER 00000nam a2200000 i 4500
001 1/29290
008 960207s1980 eng d
020 |a 0422773506 ((pbk.))  |c Ή10.50 
020 |a 0422765708  |c Ή4.50 
035 |l 10023192 
040 |a GR-MY-UA  |b gre  |e aacr 
041 0 |a eng 
082 0 |a 194  |2 (19) 
100 1 |a Sheridan, Alan. 
245 1 0 |a Michel Foucault :  |b the will to truth /  |c Alan Sheridan 
260 |a London :   |a New York :   |b Tavistock,   |c 1980 
300 |a x, 243 p.;  |c 21 cm 
500 |a Includes index 
504 |a Bibliography: p. 227-234 
600 1 0 |a Foucault, Michel,   |d 1926-1984. 
650 0 0 |a Social history  |y 1945- 
852 |a INST  |b CHIOS  |e 19960207  |h 194 SHE  |p 005200006600  |q 005200006600  |t BK  |y 0 
909 |a Χ  |b 01558